Pienten valtioiden suuret naapurimaat - Statistics

Yleistilastot
  • Tätä visaa on pelattu 1 705 kertaa
  • Keskiarvotulos 20 / 28
Vastaustilastot
Valtio % Oikein
Ranska
93%
Italia
92%
Venäjä
90%
Espanja
89%
Vatikaanivaltio
89%
Monaco
88%
Andorra
87%
San Marino
87%
Saksa
86%
Luxemburg
83%
Kiina
82%
Viro
80%
Latvia
79%
Liettua
79%
Liechtenstein
78%
Sveitsi
75%
Itävalta
73%
Georgia
67%
Pohjois-Korea
66%
Bhutan
62%
Saudi-Arabia
58%
Azerbaidžan
56%
Qatar
54%
Indonesia
50%
Kuwait
50%
Kongon demokraattinen tasavalta
49%
Itä-Timor
48%
Ruanda
40%
Ehtoja vastaavia visoja ei löytynyt
Tulosjakauma
Jokaisen tuloksen saaneiden osuus
Persentiili vastausten määrän mukaan
Tuloshistoriasi
Et ole pelannut tätä visaa